书目信息 |
| 题名: |
公路沥青路面设计规范JTG D50-2006
|
|
| 作者: | ;中交公路规划设计院 主编 | |
| 分册: | ||
| 出版信息: | 北京 人民交通出版社 2006 |
|
| 页数: | 133页 | |
| 开本: | 30cm | |
| 丛书名: | ||
| 单 册: | ||
| 中图分类: | U416.217.02 | |
| 科图分类: | ||
| 主题词: | 沥青路面--设计--规范--中国 , 沥青路面 | |
| 电子资源: | ||
| ISBN: | 7-114-06248-6 | |
| 000 | 01237nam0 2200289 450 | |
| 001 | 1159282683 | |
| 005 | 20240228112628.93 | |
| 010 | @a7-114-06248-6@dCNY36.00 | |
| 090 | @aU416@bzjg | |
| 094 | @bJTG D50-2006 | |
| 096 | @aU416@bzjg | |
| 100 | @a20070327e20072006em y0chiy50 ea | |
| 101 | 0 | @achi |
| 102 | @aCN@b110000 | |
| 105 | @ay l 000yy | |
| 200 | 1 | @a公路沥青路面设计规范JTG D50-2006@Agong lu li qing lu mian she ji gui fan JTG D50-2006@b专著@dSpecifications for design of highway asphalt pavement@f中交公路规划设计院主编@zeng@9gong lu li qing lu mian she ji gui fan |
| 210 | @a北京@c人民交通出版社@d2006@h2007重印 | |
| 215 | @a133页@d30cm | |
| 300 | @a中华人民共和国行业标准 中华人民共和国交通部发布 2007年01月01日实施 | |
| 330 | @a本规范从结构层与组合设计、路基与垫层、基层、底底层、沥青层面、新建路面结构厚度、改建路面设计、排水设计等方面对公路沥青路面设计进行了详解。 | |
| 510 | 1 | @aSpecifications for design of highway asphalt pavement@zeng |
| 606 | 0 | @a沥青路面@x设计@x规范@y中国 |
| 606 | 0 | @a沥青路面 |
| 690 | @aU416.217.02@v4 | |
| 711 | 02 | @a中交公路规划设计院@4主编@9zhong jiao gong lu gui hua she ji yuan |
| 801 | 0 | @aCN@b大连网信软件有限公司图书馆·11@c20140504 |
| 905 | @aZUCC@dU416.217.02@eZ678 | |
| 公路沥青路面设计规范JTG D50-2006=Specifications for design of highway asphalt pavement/中交公路规划设计院主编.-北京:人民交通出版社,2006(2007重印) |
| 133页;30cm |
| 中华人民共和国行业标准 中华人民共和国交通部发布 2007年01月01日实施 |
| ISBN 7-114-06248-6:CNY36.00 |
| 本规范从结构层与组合设计、路基与垫层、基层、底底层、沥青层面、新建路面结构厚度、改建路面设计、排水设计等方面对公路沥青路面设计进行了详解。 |
| ● |
| 相关链接 |
|
|
|
正题名:公路沥青路面设计规范JTG D50-2006
索取号:U416.217.02/Z678
 
预约/预借
| 序号 | 登录号 | 条形码 | 馆藏地/架位号 | 状态 | 备注 |
| 1 | 486408 | 204864085 | 土木与交通工程学院资料室/ [索取号:U416.217.02/Z678] | 在馆 | |
| 2 | 486446 | 204864469 | 土木与交通工程学院资料室/ [索取号:U416.217.02/Z678] | 在馆 | |
| 3 | 493047 | 204930478 | 土木与交通工程学院资料室/ [索取号:U416.217.02/Z678] | 在馆 | |
| 4 | 493048 | 204930487 | 土木与交通工程学院资料室/ [索取号:U416.217.02/Z678] | 在馆 | |
| 5 | 493079 | 204930799 | 土木与交通工程学院资料室/ [索取号:U416.217.02/Z678] | 在馆 | |
| 6 | 493080 | 204930806 | 土木与交通工程学院资料室/ [索取号:U416.217.02/Z678] | 在馆 | |
| 7 | 493081 | 204930815 | 土木与交通工程学院资料室/ [索取号:U416.217.02/Z678] | 在馆 | |
| 8 | 826188 | 208261888 | 自科库501/501自科库 53排3列5层/ [索取号:U416.217.02/Z678] | 在馆 | |
| 9 | 826189 | 208261897 | 自科库501/201建筑库 80排2列1层/ [索取号:U416.217.02/Z678] |
已借出,限还日期为2026.11.24 借出人:姚立阳 |
|
| 10 | 826190 | 208261904 | 自科库501/501自科库 53排1列1层/ [索取号:U416.217.02/Z678] | 在馆 |